000 00571nam a2200181 a 4500
005 20140310183500.0
008 100223s19uu xx 00 eng d
020 _a13:978-230-57327-7
050 _aPN 1996
_b.Sc3725 2009
245 _aThe screenwriter's handbook 2010. /
_cedited by Barry Turner.
250 _a3rd. ed.
260 _aLondon :
_bMacmillan,
_cc2009.
300 _a278 p. :
_c23 cm.
650 _aMotion pictures
_xauthorship
_xHandbooks, manuals, etc.
650 _aTelevision
_xauthorship. 3. Screenwriters.
942 _cBK
_2lcc
_kFOR
999 _c23881
_d23881